| 000 | 01277nam a22002777a 4500 | ||
|---|---|---|---|
| 005 | 20240530110524.0 | ||
| 008 | 160224s2010 ua ado f b 000 0dara d | ||
| 017 |
_a2009/22068 _bمصر . دار الكتب المصرية |
||
| 020 | _a9789774797026 | ||
| 040 | _aEG-CaGPL | ||
| 082 | 0 | 4 |
_221 _a932.03 _bق/ل ف |
| 100 | 1 | _aلالويت ، كلير | |
| 245 | 1 | 2 |
_aالفراعنة فى مملكة مصر زمن الملوك الالهة / _cتاليف كلير لالويت ؛ ترجمة و تعليق ماهر جويجاتى |
| 250 | _aط1 | ||
| 260 |
_aالقاهرة : _bالمركز القومى للترجمة ، _c2010 . |
||
| 300 |
_a507 ص : _bايض ؛ _c24 سم . |
||
| 490 |
_aالمشروع القومى للترجمة ؛ _v1411 |
||
| 504 | _aيشتمل على ارجاعات ببليوجرافية | ||
| 650 | 0 | 4 | _aالاساطير الفرعونية |
| 651 | 0 | 4 |
_aمصر القديمة _xالدولة القديمة ( 3400 - 2260 ق . م ) |
| 651 | 0 | 4 |
_aمصر القديمة _xالدولة الوسطى ( 2260 - 1580 ق . م ) |
| 651 | 0 | 4 |
_aمصر القديمة _xالدولة الحديثة ( 1580 - 525 ق . م ) |
| 700 | 0 |
_aماهر جويجاتى _eمترجم و معلق |
|
| 942 |
_2ddc _cBK |
||
| 999 |
_c61950 _d61950 |
||